Responses for show #6407 - Tuesday, June 26, 2012

Contestants

Jim Abbott, a property appraiser from St. Augustine, Florida

Jon Shoup, a graduate student of political science from Charlottesville, Virginia

Margaret Swanson, a graduate student of architecture from Somerville, Massachusetts (whose 3-day cash winnings total $48,000)

Jeopardy! Round responses

HEALTH & NUTRITION
SPEECH!
WHAT'S DOT?
B.P.
LAST NAME'S THE SAME
THE SCREAM ACTORS GUILD
    $200 26
(Margaret: What is K?)

B

MargaretJim
    $200 2
Napoleon

Jon
    $200 17
Halloween

Jon
    $200 4
a boarding pass

Jon
    $200 1
White

Jon
    $200 8
Vincent Price

Jim
    $400 27
anti-oxidants

Margaret
    $400 3
(Jon: Who is George VI?)
...
(Alex: [*], his older brother who abdicated, yes.)

Edward VIII

JonJim
    $400 22
com

Jon
    $400 9
a barber's pole

Margaret
    $400 18
Clark

Jim
    $400 11
I Know What You Did Last Summer

Jim
    $600 28
UV (ultraviolet)

Margaret
    $600 5
AIDS

Jon
    $600 23
"Itsy Bitsy Teenie Weenie Yellow Polka Dot Bikini"

Jon
    $600 10
baking powder

Jon
    $600 19
[Jim pronounces it rod-ree-gwez]
(Alex [speaking with a Spanish accent]: [rod-ree-ghez], but you can call it rod-ree-gwez if you like, but we are not going to be happy with you.)

Rodriguez

Jim
    $600 12
(Jon: Who is Lugosi?)
...
(Alex: [*] as Frank n shtine.) [laughter]

Boris Karloff

JonJim
    $800 29
[The end-of-round signal sounds.]

the liver

Jon
    $800 6
Mussolini

Jon
    $800 24
(Alex: With less than a minute to go.)

three

Jon
    $800 14
ballpoint pen

Margaret
    $800 20
Williams

Jon
    $800 13
(Jim: [Whispers] Oh. [Sighs])
(Alex: Oh, it's not coming to you.)

(Linda) Blair

MargaretJim
    $1,000 7
(Jon: Who is Wilhelm?)

Otto von Bismarck

Jon
    $1000 25
a tittle

Jim
    $1000 15
basso profundo

Jon
    $1000 21
(Jim: What is James?)

Jackson

MargaretJim
    $1000 16
(Jon: Who is Lugosi?)
...
(Alex: Poor Jon, he's been up, he's been down, he's been up, he's been down...)
(Jon: Yoyo.)

Lon Chaney, Sr.

JonJim

Scores at the first commercial break (after clue 16):

Margaret Jon Jim
$2,000 $600 $1,800

Scores at the end of the Jeopardy! Round:

Margaret Jon Jim
$3,800 $4,200 $3,000

Double Jeopardy! Round responses

SITCOM EPISODES
ANTONYMS OF BIBLE BOOKS
SCULPTURE
OTHER RED, WHITE & BLUE FLAGS
(Alex: And there are a lot of them in the world.)
JOHN STEINBECK
TRAVELS WITH CHARLEY
    $400 2
The Office

Margaret
    $400 1
(Jim: What is, um... Revelation?)
...
(Alex: Yes. antonyms of Bible books, the opposite.)

Genesis

MargaretJim
    $400 8
relief

Jon
    $400 7
Iceland

Jim
    $400 23
a poodle

Jim
    $400 10
(Charles) Schulz

Margaret
    $800 3
Curb Your Enthusiasm

Jon
    $800 19
(Margaret: What is Revelations?)
...
(Alex: [*]. No "S".)

Revelation

MargaretJim
    $800 11
[Jon's voice cracks as he gives the response; he repeats himself after clearing his throat and lightly hitting his chest with his fist; audience laughs.]

a bust

Jon
    $800 9
(Margaret: What is the Northern Cross?)

the Southern Cross

MargaretJim
    $800 25
the Joad family

Jim
    $800 16
Charles Barkley

Jon
    $1200 4
Three's Company

Jim
    $1200 20
Exodus

Jon
    $1200 13
an atlas

Jon
    $1200 12
Croatia

Margaret
    $2,200 17
(Alex: [*] is right; he is the Prince of Wales.)

Welsh

Jon
    $1600 5
Family Guy

Jon
    $1600 26
Kings I

Margaret
    $1600 22
assembly

Triple Stumper
    $1600 14
the Netherlands

Triple Stumper
    $2,000 27
(Margaret: Um, what is the mouse, from "Of Mice and Men"?)

The Red Pony

Margaret
    $1600 18
(Charles) de Gaulle

Jim
    $2000 6
Community

Jon
    $2000 24
[Margaret enunciates the "S" carefully, Alex asks her to say it again, and she repeats carefully.]

Lamentations

Margaret
    $2000 15
(Jim: What's Mongolia?)
(Jon: What is Bhutan?)

Laos

JonJim
Triple Stumper
    $2000 28
[The end-of-round signal sounds.]

East of Eden

Triple Stumper
    $2000 21
Liberia

Jon

Scores at the end of the Double Jeopardy! Round:

Margaret Jon Jim
$6,200 $15,200 $6,600
(lock game)

[wagering suggestions for these scores]

Final Jeopardy! Round responses

HISTORIC U.S. CITIES
(Alex: 1905, the Russo-Japanese War, negotiated--the peace treaty negotiated by President Roosevelt.)
MargaretWhat is Portland?
$5,800
JimWhat is Portsmouth?
$5,801
JonWhat is Burlington?
$1,021
Portsmouth

Final scores:

Margaret Jon Jim
$400 $14,179 $12,401
3rd place: $1,000 New champion: $14,179 2nd place: $2,000

Game dynamics:

Coryat scores:

Margaret Jon Jim
$8,200 $15,200 $6,600
12 R,
4 W
(including 1 DD)
23 R
(including 1 DD),
5 W
(including 1 DD)
16 R,
4 W

Combined Coryat: $30,000

The J! Archive is created by fans, for fans. The Jeopardy! game show and all elements thereof, including but not limited to copyright and trademark thereto, are the property of Jeopardy Productions, Inc. and are protected under law. This website is not affiliated with, sponsored by, or operated by Jeopardy Productions, Inc. Join the discussion at JBoard.tv.